| 000 | 00536nam a2200181Ia 4500 | ||
|---|---|---|---|
| 003 | OSt | ||
| 005 | 20200904094025.0 | ||
| 008 | 190216s9999||||xx |||||||||||||| ||und|| | ||
| 020 | _a9780070965102 | ||
| 040 | _coclc | ||
| 082 |
_a530.12 _bMAT/T |
||
| 100 |
_aMathews, P M _94421 |
||
| 245 | 2 |
_aA Textbook Of Quantum Mechanics / _cP M Mathews ; K Venkatesan |
|
| 260 |
_bTata Mcgrawhill Publishers, _aNew Delhi: _c1977. |
||
| 300 | _a387p | ||
| 650 | _aPhysics | ||
| 942 |
_cBK _2ddc _h530.12 _iMAT/T _k530.12 _mMAT/T |
||
| 999 |
_c33147 _d33147 |
||